000
00204 a2200097 4500
001
6878
100
_a
Kaplan, M A
245
_a
Revolution in world Politics
260
_a
_b
Wiley
_c
090
_c
5684
_d
5684
942
_a
NUST-CAE
_c
M
_c
32138
999
_c
241951
_d
241951